000 00710nam a22002057a 4500
005 20151203141719.0
010 _aENG-114279
020 _c995.00
_a9789351432388
035 _aEN-97811
037 _bDBAD/PUB
082 _a346.54072
245 _aPollock & Mulla the Sale of Goods Act /
_cby Fredrick Pollock [and] Dinshaw Fardunji Mulla ; revised by Akshay Sapre ; foreworded by d.M. Dharmadhikari
250 _a9th ed
260 _aGurgaon
_bLexisNexis
_c2014
270 _a14th Floor, Building No.10, Tower-B, DLF Cyber City, Phase II
_bGurgaon
_e122002
300 _axci,488p.
_c25cm(Hb)
500 _aIncludes index
700 _aSapre, Akshy
942 _2ddc
_cEN
_mPOL
_h346.54072
999 _c97753
_d97753